000 00815nam a2200241 i 4500
001 C2-0275352
003 PPAK
005 20180728004153.0
008 061016s2005 nyua|||| ||||| | eng d
020 _a0060734973
040 _aPPAK
_beng
_cPPAK
_erda
082 0 4 _a796.62092
_223
090 0 0 _a796.62092
_bCOY
_dLCK
100 1 _aCoyle, Daniel.,
_eauthor
245 1 0 _aLance Armstrong's war
_bone man's battle against fate, fame, love, death, scandal, and a few other rivals on the road to the Tour de France
264 1 _aNew York :
_bHarperCollins ,
_c2005
300 _aviii, 326 pages :
_bcolour illustrations ;
_c24 cm
336 _2rdacontent
_atext
337 _2rdamedia
_aunmediated
338 _2rdacarrier
_avolume
650 1 0 _aArmstrong, Lance ; Tour de France (Bicycle race)
942 _ddc
_cB
999 _c83035
_d83035